000 00809nam a2200265Ia 4500
003 OSt
005 20220923224817.0
006 a|||||r|||| 00| 0
007 ta
008 220922b |||||||| |||| 00| 0 hin d
020 _c15
024 _a251,119
037 _cTextual
040 _aARTS
_cARTS
_bhin
041 _2hin
_ahin
082 _aO152,1N133x, L7
100 _aमिश्र, भवानीप्रसाद
245 0 _aइदं न मम
246 _aIdan n mama
260 _aदिल्ली
_b सरला प्रकाशन
_c1977
300 _a120पृ.
_ccm.
650 _aहिन्दी साहित्य
_9156264
942 _hO152,1N133x, L7
_cTEXL
_2CC
999 _c373820
_d373820